| 000 | 00617nam a2200157 4500 | ||
|---|---|---|---|
| 999 |
_c16005 _d16005 |
||
| 008 | 210204b ||||| |||| 00| 0 eng d | ||
| 022 | _a0732-8435 | ||
| 082 | _aDPer 657.05 C33 Feb - Aug 2012, v. 82 | ||
| 100 |
_aKnapp, Michael C. _942916 |
||
| 245 |
_aCognitive biases in audit engagements: _berrors in judgment and strategies for prevention/ _cMichael C. Knapp and Carol A. Knapp. |
||
| 260 |
_aNew York: _bThe New York State Society of CPA, _c©2012. |
||
| 300 |
_av82 n6, pages 40-45: _bcolor illustration; _c28 cm. |
||
| 650 |
_aAuditing. _942917 |
||
| 700 |
_aKnapp, C. A. _eAuthor. _942918 |
||
| 942 |
_2ddc _cPER |
||